Datum a čas kvízu
27
Celkem bodů
Celkový počet nahraných bodů na tomto kvízu bez doplňovacích otázek.
4.
Pořadí na kvízu
Konečné umístění týmu na tomto kvízu.
Zaznamenané odpovědi
| # | Otázka | Odpověď | Body | Výsledky |
|---|---|---|---|---|
| 1. | Minulé úterý vyjel z Prahy jed... | do Rumunska | 0 | |
| 2. | V sobotu začal v lázeňském let... | ve Francii | 1 | |
| 3. | V beznadějně vyprodané O2 aren... | Billie Eilish | 1 | |
| 4. | V Praze byl téměř sedminásobně... | 3-D tisk | 0 | |
| 5. | Dvojnásobná olympijská vítězka... | Jiří Stanislav Guth-Jarkovský | 1 | |
| 6. | S menšími či většími oslími mů... | 2014 Soči | 0 | |
| 7. | "Když končí se den a usne má z... | Voda živá | 1 | |
| 8. | V letech 2006 - 2009, tedy dob... | Czech POINT | 1 | |
| 9. | Jednou z nejzajímavějších a ne... | Svitavy | 0 | |
| 10. | František Langer byl český spi... | jehly, Pištory | 0.5 |